00713cam9a220022900 4500001001200000003000500012005001700017008004100034035001900075035002200094040000900116100006300125245004200188260003400230500002900264504004100293650002900334650004900363949004600412004000600458999001900464tmp15374573UPRA20190819100518.0950801s1966 nyu eng u a(Sirsi) r86997 a(UPRA)tmp15374573 cUPRA1 aTanford, Charles, 1921-dTanford, Charles, 1921-6A46396.110aPhysical chemistry of macromolecules. aNew York :bJ. Wiley,c[1966] aFirst published in 1961. aIncludes bibliographical references. 0aMacromolecules.6S1944.1 0aChemistry, Physical and theoretical.6S517.1 aQD471wlcci-121144mMAINtBOOKlON-SHELF86997 c100991d100991